Statistics for Baltic Countries Map Quiz

Click here to take the quiz!

General Stats

  • This quiz has been taken 79 times
  • The average score is 8 of 9

Answers on the Map

Answers color-coded by a green-red scale on the quiz's map according to % correct below.
 

Answer Stats

Answer% Correct
Finland
97%
Russia
97%
Estonia
94%
Latvia
94%
Poland
94%
Germany
92%
Lithuania
92%
Denmark
90%
Sweden
90%

Score Distribution

Percentile by Number Answered

Percent of People with Each Score

Your Score History

You have not taken this quiz